<?xml version="1.0" encoding="UTF-8"?>
<record
    xmlns:xsi="http://www.w3.org/2001/XMLSchema-instance"
    xsi:schemaLocation="http://www.loc.gov/MARC21/slim http://www.loc.gov/standards/marcxml/schema/MARC21slim.xsd"
    xmlns="http://www.loc.gov/MARC21/slim">

  <leader>00772nam a22002417a 4500</leader>
  <datafield tag="999" ind1=" " ind2=" ">
    <subfield code="c">165890</subfield>
    <subfield code="d">165890</subfield>
  </datafield>
  <controlfield tag="005">20190704120357.0</controlfield>
  <datafield tag="010" ind1=" " ind2=" ">
    <subfield code="a">A-318574</subfield>
  </datafield>
  <datafield tag="020" ind1=" " ind2=" ">
    <subfield code="a">-</subfield>
    <subfield code="c">75.00</subfield>
  </datafield>
  <datafield tag="035" ind1=" " ind2=" ">
    <subfield code="a">A-318574</subfield>
  </datafield>
  <datafield tag="037" ind1=" " ind2=" ">
    <subfield code="b">BPPD/Ven.</subfield>
    <subfield code="a">dpl</subfield>
  </datafield>
  <datafield tag="082" ind1=" " ind2=" ">
    <subfield code="a">846</subfield>
  </datafield>
  <datafield tag="100" ind1=" " ind2=" ">
    <subfield code="a">&#x645;&#x631; &#x62A;&#x628;&#x6C1; :&#x62E;&#x644;&#x64A;&#x642; &#x627; &#x646;&#x62C;&#x645; </subfield>
  </datafield>
  <datafield tag="245" ind1=" " ind2=" ">
    <subfield code="a">&#x63A;&#x627; &#x644;&#x628; &#x6A9;&#x6D2; &#x62E;&#x637;&#x648; &#x637;(&#x62C;&#x644;&#x62F; &#x633;&#x648; &#x645; )  </subfield>
    <subfield code="c">&#x645;&#x631; &#x62A;&#x628;&#x6C1; :&#x62E;&#x644;&#x64A;&#x642; &#x627; &#x646;&#x62C;&#x645; </subfield>
    <subfield code="h">Urdu</subfield>
  </datafield>
  <datafield tag="246" ind1=" " ind2=" ">
    <subfield code="a">ghalib ke Khatoot  (Urdu)</subfield>
    <subfield code="b">Ed.by Khalique  Anjum </subfield>
  </datafield>
  <datafield tag="250" ind1=" " ind2=" ">
    <subfield code="a">1987</subfield>
  </datafield>
  <datafield tag="260" ind1=" " ind2=" ">
    <subfield code="a">N.Delhi -2</subfield>
    <subfield code="b">Ghalib Institute</subfield>
  </datafield>
  <datafield tag="270" ind1=" " ind2=" ">
    <subfield code="a">Evane Ghalib Marg,</subfield>
  </datafield>
  <datafield tag="300" ind1=" " ind2=" ">
    <subfield code="a">424&#x635;</subfield>
    <subfield code="c">22cm(Hbk)</subfield>
  </datafield>
  <datafield tag="490" ind1=" " ind2=" ">
    <subfield code="a">Jaico illustrated classics series</subfield>
  </datafield>
  <datafield tag="942" ind1=" " ind2=" ">
    <subfield code="2">ddc</subfield>
    <subfield code="c">UR</subfield>
    <subfield code="m">&#x63A; &#x627; &#x644; </subfield>
    <subfield code="h">846</subfield>
  </datafield>
  <datafield tag="952" ind1=" " ind2=" ">
    <subfield code="0">0</subfield>
    <subfield code="1">0</subfield>
    <subfield code="4">0</subfield>
    <subfield code="7">-1</subfield>
    <subfield code="8">NFIC</subfield>
    <subfield code="a">L</subfield>
    <subfield code="b">L</subfield>
    <subfield code="d">2019-07-04</subfield>
    <subfield code="e">BPPD/Ven.</subfield>
    <subfield code="g">75.00</subfield>
    <subfield code="l">0</subfield>
    <subfield code="o">846 &#x63A; &#x627; &#x644;</subfield>
    <subfield code="p">A-318574</subfield>
    <subfield code="r">2019-07-04 00:00:00</subfield>
    <subfield code="t">1</subfield>
    <subfield code="v">75.00</subfield>
    <subfield code="w">2019-07-04</subfield>
    <subfield code="y">UR</subfield>
  </datafield>
</record>
